| 000 | 00713nam a22001817a 4500 | ||
|---|---|---|---|
| 003 | BD-DhUL | ||
| 005 | 20160821201056.0 | ||
| 008 | 160818s1977 bg ||||| |||| 00| 0 eng | ||
| 040 |
_aBD-DhUL _cBD-DhUL |
||
| 082 |
_a320.1 _bDAP |
||
| 100 | 1 | _aখান, মোহাম্মদ দরবেশ আলী | |
| 245 | 1 | 0 |
_aপ্লেটো ও এ্যারিস্টটলের রাজনৈতিক চিন্তা / _cমোহাম্মদ দরবেশ আলী খান |
| 260 |
_aঢাকা : _bমুক্তধারা, _c১৯৭৭. |
||
| 300 |
_a১৫৬ পৃ. ; _c১৯ সেমি. |
||
| 650 | 0 | _aরাজনীতি | |
| 650 | 0 | _aPolitics | |
| 942 |
_2ddc _cBK |
||
| 999 |
_c100121 _d100121 |
||